Higgledy piggledy growth again : an investigation of the predictability of company earnings and dividends in the U. K., 1951-1961 /

Bibliographic Details
Main Author: Rayner, A. C. (Anthony Clement)
Other Authors: Little, I. M. D., 1918-2012
Format: Book
Language:English
Published: New York : A. M. Kelley, 1966.
Subjects:

MARC

Tag First Indicator Second Indicator Subfields
LEADER 00000cam a2200000 4500
001 in00000056885
005 20151008050922.0
008 730927s1966 nyu 00000 eng u
010 |a  66007737  
035 |a (OCoLC)00702714 
035 |9 AAG4291AM 
040 |c BGU  |d OCL  |d TXA  |d UtOrBLW 
049 |a TXAM  |c [459485] 
090 |a HG5441  |b .R3 1966 
092 |a 328.678  |b R275h 
100 1 |a Rayner, A. C.  |q (Anthony Clement) 
245 1 0 |a Higgledy piggledy growth again :  |b an investigation of the predictability of company earnings and dividends in the U. K., 1951-1961 /  |c [by] A. C. Rayner [and] I. M. D. Little. 
264 1 |a New York :  |b A. M. Kelley,  |c 1966. 
300 |a 111 pages :  |b illustrations ;  |c 23 cm. 
336 |a text  |b txt  |2 rdacontent 
337 |a unmediated  |b n  |2 rdamedia 
338 |a volume  |b nc  |2 rdacarrier 
650 0 |a Corporations  |z Great Britain  |x Finance. 
650 0 |a Investments  |z Great Britain. 
700 1 |a Little, I. M. D.,  |d 1918-2012. 
999 |a MARS 
999 f f |s bd6d657e-f67d-300e-b1a0-92c5dace61a9  |i 7b0530d0-7025-37ac-99b4-f0dc7d953950  |t 0 
952 f f |p ric  |a Texas A&M University  |b Rellis Campus  |c Joint Library Facility  |d Remote Storage  |t 0  |e HG5441 .R3 1966  |h Library of Congress classification  |i unmediated -- volume  |m A14800682003 
998 f f |a HG5441 .R3 1966  |t 0  |l Remote Storage